Journal of Rehabilitation

Detalles Bibliográficos
Formato: Desconocido
Lenguaje:inglés
Publicado: Manassas, Virginia : National Rehabilitation Counseling Association, 1935-
Materias:
Acceso en línea:http://www.vlex.com/source/7216

MARC

LEADER 00000 a2200000 4500
005 20130321184202.0
007 cr|||| ||||
008 130321c19359999xxuqr|p s|||| 0|||a1eng d
022 |a 224154  
035 |a 7216 
040 |a vLex 
090 |c 3980  |d 3980 
245 0 0 |a Journal of Rehabilitation  |h [Recurso electrn̤ico]  
256 |a Servicio en ln̕ea 
260 |a Manassas, Virginia :  |b National Rehabilitation Counseling Association,   |c 1935- 
300 |a 1 Recurso electrn̤ico 
506 |d vLex Global  |d vLex Global (Academic Edition, excluding Law Schools)  |d vLex Global (U.S. Academic Edition, Law Schools)  |d vLex Global (U.S. Academic Edition, excluding Law Schools)  |d vLex Global (Academic Edition, Law Schools) 
650 0 4 |a Medicina  |v Revistas 
650 0 4 |a Drogas  |v Revistas 
650 0 4 |a Salud pb︢lica  |v Revistas 
740 |a vLex Revistas (Servicio en ln̕ea) 
856 |a Acceso restringido  |u http://www.vlex.com/source/7216 
942 |c REV 
999 0 |a Medicine